El Greco de Toledo (Record no. 1441)

MARC details
000 -CABECERA
campo de control de longitud fija 00863nam a2200205 a 4500
001 - NÚMERO DE CONTROL
campo de control BRCA_1639
005 - FECHA Y HORA DE LA ÚLTIMA TRANSACCIÓN
campo de control 20190320203505.0
008 - DATOS DE LONGITUD FIJA--INFORMACIÓN GENERAL
campo de control de longitud fija 010905s1982----sp-a---f##---#001-0#spa-#
050 #4 - SIGNATURA TOPOGRÁFICA DE LA BIBLIOTECA DEL CONGRESO
Número de clasificación ND813.T4
Número de documento/Ítem .G74 1982
245 10 - MENCIÓN DE TÍTULO
Título El Greco de Toledo
Mención de responsabilidad, etc. textos de Jonathan Brown... [et al.] ; versión española de Carlota Millán, Ángel Schmidt y Julia Silva.
260 ## - PUBLICACIÓN, DISTRIBUCIÓN, ETC.
Lugar de publicación, distribución, etc. Toledo, Ohio
Nombre del editor, distribuidor, etc. The Toledo Museum of Art : Ministerio de Cultura : Fundación Banco Urquijo
Fecha de publicación, distribución, etc. 1982.
300 ## - DESCRIPCIÓN FÍSICA
Extensión 279 p.
Otras características físicas il. (algunas a color)
Dimensiones 30 cm.
500 ## - NOTA GENERAL
Nota general Catálogo de la exposición realizada en el Museo de Toledo (Madrid, España), 26 septiembre - 21 noviembre, 1982
500 ## - NOTA GENERAL
Nota general Incluye índice analítico
504 ## - NOTA DE BIBLIOGRAFÍA, ETC.
Nota de bibliografía, etc. Bibliografía: p. 265-274
700 1# - PUNTO DE ACCESO ADICIONAL--NOMBRE DE PERSONA
Nombre de persona Schmidt, Ángel
9 (RLIN) 5131
700 1# - PUNTO DE ACCESO ADICIONAL--NOMBRE DE PERSONA
Nombre de persona Millan, Carlota
9 (RLIN) 5132
700 1# - PUNTO DE ACCESO ADICIONAL--NOMBRE DE PERSONA
Nombre de persona Brown, Jonathan
Fechas asociadas al nombre 1939-
9 (RLIN) 5133
942 ## - ELEMENTOS DE PUNTO DE ACCESO ADICIONAL (KOHA)
Fuente del sistema de clasificación o colocación Library of Congress Classification
Tipo de ítem Koha Libros
Holdings
Estado de retiro Estado de pérdida Estado dañado No para préstamo Localización permanente Ubicación/localización actual Fecha de adquisición Total de préstamos Signatura topográfica completa Código de barras Fecha visto por última vez Precio válido a partir de Tipo de ítem Koha
El ejemplar forma parte de la colección y puede ser consultado según las políticas vigentes.       Biblioteca del Museo Franz Mayer (Rogerio Casas-Alatriste) Biblioteca del Museo Franz Mayer (Rogerio Casas-Alatriste) 27/06/2008   ND813.T4 .G74 1982 02212 22/03/2019 22/03/2019 Libros